Limiting liability in commercial property management contracts (Record no. 105865)

MARC details
000 -LEADER
fixed length control field 01025cam a2200193 4500
001 - CONTROL NUMBER
control field ##L134962
008 - FIXED-LENGTH DATA ELEMENTS--GENERAL INFORMATION
fixed length control field 060913n2006 000 0 eng u
035 ## - SYSTEM CONTROL NUMBER
System control number (Sirsi) u134962
041 0# - LANGUAGE CODE
Language code of text/sound track or separate title eng
110 2# - MAIN ENTRY--CORPORATE NAME
Corporate name or jurisdiction name as entry element Royal Institution of Chartered Surveyors
Subordinate unit Property Management Group
9 (RLIN) 5040
245 00 - TITLE STATEMENT
Title Limiting liability in commercial property management contracts
260 ## - PUBLICATION, DISTRIBUTION, ETC.
Place of publication, distribution, etc. London
Name of publisher, distributor, etc. RICS
Date of publication, distribution, etc. 2006
520 ## - SUMMARY, ETC.
Summary, etc. Explains the principles of liability relating to commercial property management contracts and how liability should be addressed in standard contracts. Includes sample model clauses and examples. The information paper is appropriate for those acting as the landlord's agent in relation to commercial properties based in England and Wales.
590 ## - LOCAL NOTE (RLIN)
Local note IKA190906
651 #4 - SUBJECT ADDED ENTRY--GEOGRAPHIC NAME
Geographic name England and Wales
Chronological subdivision 1543-
690 ## - LOCAL SUBJECT ADDED ENTRY--TOPICAL TERM (OCLC, RLIN)
Topical term or geographic name as entry element PROPERTY-COMMERCIAL PROPERTY-COMMERCIAL PROPERTY MANAGEMENT
856 40 - ELECTRONIC LOCATION AND ACCESS
Uniform Resource Identifier <a href="https://www.rics.org/site/download_feed.aspx?fileID=3674">https://www.rics.org/site/download_feed.aspx?fileID=3674</a>
Public note View the item free of charge at www.rics.org...
942 ## - ADDED ENTRY ELEMENTS (KOHA)
Suppress in OPAC 0
Holdings
Withdrawn status Lost status Source of classification or shelving scheme Damaged status Not for loan Home library Current library Shelving location Date acquired Total Checkouts Full call number Barcode Date last seen Copy number Price effective from Koha item type Date last checked out
    Dewey Decimal Classification     London London RICS Boxes 06/02/2007   RICS 2006/53 30073640 06/08/2019 1 06/08/2019 Archive  
    Dewey Decimal Classification     London London RICS Boxes 30/08/2007   RICS 2006/53 30071062 06/08/2019 1 06/08/2019 Book  
    Dewey Decimal Classification     London London RICS Boxes 30/08/2007 1 RICS 2006/53 30071063 06/08/2019 2 06/08/2019 Book 26/10/2007
    Dewey Decimal Classification     Virtual Virtual Online 13/09/2006   ONLINE PUBLICATION 134962-1001 06/08/2019 1 06/08/2019 Book